Statistics for 5th century popes

Click here to take the quiz!

General Stats

  • This quiz has been taken 21 times
  • The average score is 7 of 12

Answer Stats

TermAnswer% Correct
440-461St. Leo I
83%
418-422St. Boniface I
78%
401-417St. Innocent I
78%
496-498Pope Anastasius II
56%
492-496St. Gelasius I
56%
468-483St. Simplicius
56%
432-440St. Sixtus III
56%
417-418St. Zosimus
50%
422-432St. Celestine I
44%
483-492St. Felix III (II)
44%
461-468St. Hilarius
39%
498-514St. Symmachus
33%

Score Distribution

Percentile by Number Answered

Percent of People with Each Score

Your Score History

You have not taken this quiz